Blog Serie Entries - Tile Select - Statistics

General Stats
  • This quiz has been taken 10 times
  • The average score is 29 of 45
Answer Stats
Question Tile Select % Correct
Quiz Creation Challenge by Insaniot It's Raining Cats and Dogs! No
100%
Year in Review by Stewart 2021 Yes
89%
Year in Review by Stewart 2023 Yes
89%
Year in Review by Stewart 2025 No
89%
Quiz Creation Challenge by Insaniot My Name is Bond, James Bond! No
89%
Small Islands of the World by toowise Southeast Asia Yes
89%
Year in Review by Stewart 2018 No
78%
Year in Review by Stewart 2020 Yes
78%
Year in Review by Stewart 2022 Yes
78%
Year in Review by Stewart 2024 Yes
78%
Interview of a JetPunker by baptistegorce cathlete Yes
78%
Contemplating the Mysteries of the World by HeyltsRose18 Honesty No
78%
Interview of a JetPunker by baptistegorce Insaniot Yes
78%
Quiz Creation Challenge by Insaniot It Came From Outer Space! Yes
78%
Interview of a JetPunker by baptistegorce Stewart Yes
78%
Quiz Creation Challenge by Insaniot This is Halloween! No
78%
Quiz Creation Challenge by Insaniot Under the Sea! Yes
78%
Contemplating the Mysteries of the World by HeyltsRose18 Weather No
78%
Quiz Creation Challenge by Insaniot 2010s Throwback Yes
67%
Year in Review by Stewart 2017 No
67%
Year in Review by Stewart 2019 No
67%
Contemplating the Mysteries of the World by HeyltsRose18 Ads Yes
67%
Contemplating the Mysteries of the World by HeyltsRose18 Clowns Yes
67%
Contemplating the Mysteries of the World by HeyltsRose18 Flags Yes
67%
Interview of a JetPunker by baptistegorce Fuse No
67%
Interview of a JetPunker by baptistegorce HinesBrothers Yes
67%
Interview of a JetPunker by baptistegorce Jiaozira Yes
67%
Interview of a JetPunker by baptistegorce relessness No
67%
Interview of a JetPunker by baptistegorce toowise Yes
67%
Small Islands of the World by toowise Australia No
56%
Contemplating the Mysteries of the World by HeyltsRose18 Internet Toxicity Yes
56%
Quiz Creation Challenge by Insaniot Music, Maestro! No
56%
Contemplating the Mysteries of the World by HeyltsRose18 Pets Yes
56%
Interview of a JetPunker by baptistegorce Quizmaster No
56%
Small Islands of the World by toowise Scandinavia Yes
56%
Contemplating the Mysteries of the World by HeyltsRose18 Time Yes
56%
Quiz Creation Challenge by Insaniot 618 Day Anniversary! Yes
44%
Contemplating the Mysteries of the World by HeyltsRose18 Death No
44%
Small Islands of the World by toowise Denmark Yes
44%
Quiz Creation Challenge by Insaniot Happy Ho-Ho-Holidays! Yes
44%
Small Islands of the World by toowise Italy Yes
44%
Small Islands of the World by toowise United States No
44%
Small Islands of the World by toowise Dalmatia Yes
33%
Small Islands of the World by toowise France Yes
22%
Small Islands of the World by toowise Oceania No
22%
No matching quizzes found
Score Distribution
Percent of People with Each Score
Percentile by Number Answered
Your Score History
You have not taken this quiz